• 首页
  • 本馆介绍
  • 公告通知
  • 最新文献
  • 馆藏检索
  • 电子资源
  • 读者导购
  • 参考咨询
  • 我的图书馆
  • 登录
  • 详细信息显示
  • 放入我的书架
  • 随书关联资源信息
  • 预约/预借图书
  • 作者相关作品
  • 分类相关作品
  • 丛书相关作品
  • 出版社相关作品

书目信息

  • 表格格式
  • 工作单格式
  • 卡片格式
题名:
基础印尼语一学就会
    
 
作者: 郑令 编著
分册:  
出版信息: 广州   世图音像电子出版社  2005
页数: 149页
开本: 21cm
丛书名:
单 册:
中图分类: H631.2
科图分类:
主题词: 印度尼西亚语--自学参考资料 , 印度尼西亚语
电子资源:
ISBN: 7-88751-591-2
000 00864nam0 2200241 450
001 010700013697
005 20061109095556.20
010    @a7-88751-591-2@dCNY15.00
100    @a20051026d2005 em y0chiy0110 ea
101 0  @achi@aind
102    @aCN@b440000
105    @aa z 000yy
200 1  @a基础印尼语一学就会@9ji chu yin ni yu yi xue jiu hui@f郑令编著
210    @a广州@c世图音像电子出版社@c广东世界图书出版公司@d2005
215    @a149页@c图@d21cm@e光盘1片
305    @a本书由三思堂文化事业有限公司授权
330    @a书中每个字母,都精选了初级常用单词,录音老师除了告诉你每个单词的正确念法外,还会拼读单词,加深你对德文字母的学习,并让你完全融入德语的学习环境中。
606 0  @a印度尼西亚语@j自学参考资料
606 0  @a印度尼西亚语
690    @aH631.2@v4
701  0 @a郑令@9zheng ling@4编著
801  0 @aCN@bRENTIAN@c20061109
905    @a10447@dH631.2@e3
    
    基础印尼语一学就会/郑令编著.-广州:世图音像电子出版社:广东世界图书出版公司,2005
    149页:图;21cm+光盘1片
    
    
    ISBN 7-88751-591-2:CNY15.00
    书中每个字母,都精选了初级常用单词,录音老师除了告诉你每个单词的正确念法外,还会拼读单词,加深你对德文字母的学习,并让你完全融入德语的学习环境中。
●
相关链接 在E读中查询图书 在五车中查询图书 在当当中查询图书 在豆瓣中查询图书


正题名:基础印尼语一学就会     索取号:H631.2/3         预约/预借

序号 登录号 条形码 馆藏地/架位号 状态 备注
1 0384530   203845303   第二样本阅览室/ [索取号:H631.2/3] 在馆    
2 0384531   203845312   第四借阅区/ [索取号:H631.2/3] 在馆    
3 0384532   203845321   第四借阅区/ [索取号:H631.2/3] 在馆    
4 0384533   203845330   第四借阅区/ [索取号:H631.2/3] 在馆    
5 0384534   203845349   第四借阅区/ [索取号:H631.2/3] 在馆    

本书有关联资源:

1 .光盘  /ISO  :基础印尼语一学就会 /郑令 下载
唐山师范学院图书馆 欢迎您!
大连网信软件有限公司© 版权所有